000 00474nam a2200181 4500
001 12432
005 20230410105519.0
008 060907n1999 dr spa
020 _a2865379140
035 _9funglode12532
041 _aFR
050 1 4 _aHC 59.7 B456l 1999
100 _aHammouda Ben, Hakim
245 1 _aL'economie politique du post-ajustement /
_cHakim Ben Hammouda
260 _aParis :
_bKarthala,
_c1999
300 _a393 p.
942 _2lcc
_cbk
999 _c38268
_d38268